000 00580nam a2200193Ia 4500
003 GCL
008 140319s9999 xx 000 0 ara d
040 _aGCL /
_cGCL
082 0 4 _aط
_b771.1
_bد ح
100 1 _aدار الشروق
245 1 0 _aجولة فى استوديو تليفزيونى /
_cدار الشروق
300 _a29 ص
490 _aالهيئة العامة للاستعلامات
_v0
650 0 4 _aالاستديوهات
650 0 4 _aالكاميرات
650 0 4 _aمعدات التصوير
650 0 4 _aالتليفزيونات
942 _2ddc
_cBK
999 _c51136
_d51136